[Event "Vaujany Principal"]
[Site "?"]
[Date "2018.07.20"]
[Round "9.3"]
[White "Ortiz Suarez, Isan Reynaldo"]
[Black "Paul, Johannes"]
[Result "0-1"]
[WhiteElo "2548"]
[BlackElo "2315"]
[PlyCount "84"]
[EventDate "2018.??.??"]

1. Nf3 Nf6 2. c4 c5 3. Nc3 Nc6 4. d4 cxd4 5. Nxd4 g6 6. g3 d6 7. Bg2 Bd7 8. Nc2
Bg7 9. O-O O-O 10. Ne3 Qa5 11. Nb5 Rfc8 12. Bd2 Qd8 13. Nc3 a6 14. a4 Rab8 15.
b3 e6 16. Be1 Ne8 17. Rc1 Qb6 18. Ne4 Nd4 19. Bc3 Bc6 20. a5 Qa7 21. b4 Rd8 22.
Nd2 d5 23. cxd5 exd5 24. Ba1 Nc7 25. Nb3 Nce6 26. Nxd4 Nxd4 27. Rc5 Ne6 28.
Bxg7 Kxg7 29. Qa1+ d4 30. Rc2 Bxg2 31. Nxg2 b6 32. Rfc1 bxa5 33. bxa5 Rb5 34.
Ne3 Qb7 35. Nc4 Kg8 36. Nb6 Qe4 37. Qa3 d3 38. exd3 Rxd3 39. Rc8+ Kg7 40. Qe7
Rf5 41. Nc4 Qe2 42. f4 Rfd5 0-1

[Event "Vaujany Principal"]
[Site "?"]
[Date "2018.07.20"]
[Round "9.4"]
[White "Meunier, Clement"]
[Black "Sundararajan, Kidambi"]
[Result "0-1"]
[WhiteElo "2322"]
[BlackElo "2425"]
[PlyCount "108"]
[EventDate "2018.??.??"]

1. d4 Nf6 2. Bf4 b6 3. Nc3 Bb7 4. d5 e6 5. d6 Bxd6 6. Bxd6 cxd6 7. Qxd6 Qe7 8.
Nb5 Na6 9. f3 Bc6 10. e4 Bxb5 11. Qxe7+ Kxe7 12. Bxb5 Nb4 13. Kd2 a6 14. c3 Nc6
15. Bxc6 dxc6 16. Ne2 Nd7 17. Rhd1 e5 18. Kc2 b5 19. a4 Nb6 20. axb5 Nc4 21.
Rd3 axb5 22. Rxa8 Rxa8 23. Nc1 g6 24. b3 Nb6 25. Kb2 c5 26. Rd2 f6 27. Rd1 c4
28. b4 h5 29. Ne2 h4 30. f4 g5 31. f5 Nc8 32. Ng1 Nb6 33. Rd2 Na4+ 34. Kc2 Nb6
35. Kb2 g4 36. Rd1 Na4+ 37. Kc2 Nb6 38. Kb2 h3 39. g3 Na4+ 40. Kc2 Nb6 41. Kb2
Ra7 42. Rd2 Rd7 43. Kc1 Rxd2 44. Kxd2 Nd7 45. Ke3 Nf8 46. Ne2 Nh7 47. Nf4 exf4+
48. Kxf4 Ng5 49. e5 Nf3 50. Kxg4 Nxh2+ 51. Kxh3 Nf3 52. exf6+ Kxf6 53. Kg4 Ng1
54. Kf4 Ne2+ 0-1

[Event "Vaujany Principal"]
[Site "?"]
[Date "2018.07.20"]
[Round "9.6"]
[White "Godart, Francois"]
[Black "Abbas, Daniel"]
[Result "1-0"]
[WhiteElo "2427"]
[BlackElo "2299"]
[PlyCount "51"]
[EventDate "2018.??.??"]

1. d4 Nf6 2. c4 e6 3. g3 c5 4. d5 exd5 5. cxd5 d6 6. Nc3 g6 7. Bg2 Bg7 8. Nf3
O-O 9. O-O b6 10. Bf4 Ba6 11. Rb1 Re8 12. Re1 h6 13. e4 Nh5 14. e5 dxe5 15.
Bxe5 Nd7 16. Bxg7 Kxg7 17. Qa4 Bb7 18. Rxe8 Qxe8 19. Re1 Qd8 20. d6 Nhf6 21.
Re7 a6 22. Ng5 hxg5 23. Bxb7 Ra7 24. Bd5 Nxd5 25. Nxd5 b5 26. Qb3 1-0

[Event "Vaujany Principal"]
[Site "?"]
[Date "2018.07.20"]
[Round "9.7"]
[White "Collas, Didier"]
[Black "Kulkarni, Bhakti"]
[Result "1-0"]
[WhiteElo "2380"]
[BlackElo "2285"]
[PlyCount "67"]
[EventDate "2018.??.??"]

1. e4 d6 2. d4 Nf6 3. Nc3 e5 4. Nf3 exd4 5. Nxd4 Be7 6. Be2 O-O 7. Bf4 Re8 8.
Qd2 Bf8 9. f3 Nbd7 10. O-O-O Ne5 11. g4 a6 12. h4 b5 13. h5 Bb7 14. g5 Nfd7 15.
Nd5 c6 16. Ne3 Nb6 17. Ndf5 d5 18. Bxe5 Rxe5 19. Ng4 Re6 20. h6 g6 21. Nd4 Rd6
22. e5 Re6 23. Nxe6 fxe6 24. Nf6+ Kh8 25. Ne4 Qe7 26. Nd6 Nc8 27. f4 Rb8 28.
Bg4 c5 29. Rhe1 Ba8 30. Qc3 c4 31. Qh3 b4 32. Bxe6 Nxd6 33. exd6 Qxd6 34. Qe3
1-0

[Event "Vaujany Principal"]
[Site "?"]
[Date "2018.07.20"]
[Round "9.8"]
[White "Mullick, Raahil"]
[Black "Valles, Manuel"]
[Result "0-1"]
[WhiteElo "2128"]
[BlackElo "2388"]
[PlyCount "64"]
[EventDate "2018.??.??"]

1. e4 e6 2. d4 d5 3. e5 c5 4. c3 Nc6 5. Nf3 Bd7 6. a3 f6 7. Bd3 Qc7 8. Bf4
O-O-O 9. b4 c4 10. Bc2 h6 11. h4 Be8 12. h5 Nge7 13. Bg3 f5 14. Nh4 g5 15. hxg6
Nxg6 16. Nxg6 Bxg6 17. Nd2 Qf7 18. Bf4 Be7 19. Qe2 h5 20. Nf3 h4 21. Qe3 Rdg8
22. Kd2 b5 23. a4 a6 24. axb5 axb5 25. Ra8+ Kb7 26. Rxg8 Qxg8 27. Bg5 f4 28.
Qxf4 Bxc2 29. Kxc2 Qg6+ 30. Kb2 Rf8 31. Bf6 Bxb4 32. Qe3 Ba3+ 0-1

[Event "Vaujany Principal"]
[Site "?"]
[Date "2018.07.20"]
[Round "9.9"]
[White "Gaborit, Jean Pierre"]
[Black "Skomorokhin, Roman"]
[Result "0-1"]
[WhiteElo "2186"]
[BlackElo "2371"]
[PlyCount "50"]
[EventDate "2018.??.??"]

1. d4 Nf6 2. c4 e6 3. Nc3 Bb4 4. e3 O-O 5. Nge2 Re8 6. a3 Bf8 7. e4 d6 8. Nf4
c5 9. dxc5 dxc5 10. Bd3 Nc6 11. O-O a6 12. Re1 Qc7 13. Nh5 Nxh5 14. Qxh5 Rd8
15. Re3 g6 16. Qh4 Be7 17. Qh6 Qe5 18. Rh3 Qg7 19. Qxg7+ Kxg7 20. Bh6+ Kg8 21.
Rd1 Bd7 22. Be2 Nd4 23. Rhd3 Bc6 24. f3 g5 25. e5 Nf5 0-1

[Event "Vaujany Principal"]
[Site "?"]
[Date "2018.07.20"]
[Round "9.10"]
[White "Nitish, Belurkar"]
[Black "Terbe, Zsuzsanna"]
[Result "1/2-1/2"]
[WhiteElo "2306"]
[BlackElo "2178"]
[PlyCount "150"]
[EventDate "2018.??.??"]

1. d4 d5 2. c4 c6 3. e3 Nf6 4. Nf3 Bf5 5. Nc3 e6 6. Nh4 Bg6 7. Nxg6 hxg6 8. Bd3
Nbd7 9. O-O Bd6 10. h3 dxc4 11. Bxc4 O-O 12. Qf3 e5 13. d5 Nb6 14. Bb3 e4 15.
Nxe4 Nxe4 16. Qxe4 cxd5 17. Qd3 Qe7 18. Bd2 Rfd8 19. Bc3 Be5 20. Rac1 Rac8 21.
Bd4 Bxd4 22. Qxd4 Qf6 23. Rxc8 Rxc8 24. Rd1 Qxd4 25. Rxd4 Rc1+ 26. Kh2 Rb1 27.
Rd2 Kf8 28. a3 Ke7 29. Ba2 Rc1 30. Bxd5 Nxd5 31. Rxd5 Rc2 32. Rb5 b6 33. Kg3
Kd6 34. Kf3 Ke6 35. h4 Kd6 36. g3 Ke6 37. Rb4 Kf6 38. g4 Ke6 39. Kg3 Re2 40.
Re4+ Kd7 41. Rd4+ Ke7 42. b4 Ra2 43. Rd3 Ra1 44. Kg2 Ra2 45. Rc3 Kd7 46. Kg3
Ra1 47. Kf4 f6 48. f3 Rg1 49. e4 Rh1 50. Kg3 Rg1+ 51. Kh2 Ra1 52. Kg2 Ra2+ 53.
Kg3 Ra1 54. b5 Rg1+ 55. Kf4 Rb1 56. a4 Rb4 57. Ra3 Ke6 58. Rc3 Kd7 59. Ra3 Ke6
60. Ra1 Ke7 61. g5 Rc4 62. Ra3 Rc5 63. Kg4 Ke6 64. Rd3 Ke7 65. Rd4 Rc1 66. Kf4
Rc5 67. Rd5 Rc4 68. h5 gxh5 69. gxf6+ gxf6 70. Rxh5 Ke6 71. a5 bxa5 72. Rh7 Rb4
73. Rb7 f5 74. Ke3 fxe4 75. fxe4 Ke5 1/2-1/2

[Event "Vaujany Principal"]
[Site "?"]
[Date "2018.07.20"]
[Round "9.11"]
[White "Terbe, Julianna"]
[Black "Bacrot, Alexandre"]
[Result "0-1"]
[WhiteElo "2238"]
[BlackElo "2191"]
[PlyCount "80"]
[EventDate "2018.??.??"]

1. Nf3 d5 2. g3 g6 3. Bg2 Bg7 4. d4 Nh6 5. O-O Nf5 6. c3 O-O 7. Nbd2 Nd6 8. Re1
Bf5 9. Ne5 c6 10. Qb3 Nd7 11. Nxd7 Qxd7 12. e4 dxe4 13. Nxe4 Nxe4 14. Bxe4 Bxe4
15. Rxe4 Rfe8 16. Bf4 Qd5 17. Qc2 c5 18. c4 Qf5 19. dxc5 Bxb2 20. Rae1 Bd4 21.
Qb3 Qxc5 22. Be3 Bxe3 23. R1xe3 b6 24. Re5 Qd6 25. h4 e6 26. h5 Red8 27. Re1
Rac8 28. R5e4 Rc5 29. hxg6 hxg6 30. Rh4 Qd2 31. Rf1 Rd4 32. Rh3 Qd3 33. Qa4 Rd7
34. Rc1 b5 35. Qb3 Rxc4 36. Rxc4 Qxc4 37. Qb2 Rd1+ 38. Kh2 Qd4 39. Qc2 Kg7 40.
Rh4 Rd2 0-1

[Event "Vaujany Principal"]
[Site "?"]
[Date "2018.07.20"]
[Round "9.12"]
[White "Laronche, Thomas"]
[Black "Szabo, Balazs"]
[Result "1/2-1/2"]
[WhiteElo "2164"]
[BlackElo "2229"]
[PlyCount "57"]
[EventDate "2018.??.??"]

1. Nf3 Nf6 2. g3 d5 3. Bg2 e6 4. O-O c5 5. c4 d4 6. e3 Nc6 7. exd4 cxd4 8. d3
Bd6 9. a3 a5 10. Bg5 h6 11. Bxf6 Qxf6 12. Nbd2 Qd8 13. b4 axb4 14. axb4 Rxa1
15. Qxa1 Bxb4 16. Nxd4 Bxd2 17. Nxc6 bxc6 18. Qxg7 Rf8 19. Bxc6+ Bd7 20. Bxd7+
Qxd7 21. Ra1 Ke7 22. Qb2 Bg5 23. Qb4+ Ke8 24. Qc5 Rg8 25. d4 Bd8 26. Ra7 Be7
27. Ra8+ Bd8 28. Ra7 Be7 29. Ra8+ 1/2-1/2

[Event "Vaujany Principal"]
[Site "?"]
[Date "2018.07.20"]
[Round "9.14"]
[White "Zeuner, Michael"]
[Black "Bandet, Raphael"]
[Result "0-1"]
[WhiteElo "2128"]
[BlackElo "2160"]
[PlyCount "148"]
[EventDate "2018.??.??"]

1. e4 d6 2. d4 Nf6 3. Nc3 Nbd7 4. Be3 e5 5. f3 c6 6. Qd2 Be7 7. Nge2 b5 8. d5
Nb6 9. dxc6 Nc4 10. Qc1 d5 11. Nxd5 Nxd5 12. exd5 Qxd5 13. Nc3 Qxc6 14. Bxc4
Qxc4 15. Qd2 Be6 16. Qe2 Rc8 17. Qxc4 Rxc4 18. O-O-O Bf5 19. Ne4 Bxe4 20. fxe4
a6 21. Rd5 Rxe4 22. Bc5 Bxc5 23. Rxc5 O-O 24. Rd1 Re2 25. Rd2 Re1+ 26. Rd1
Rxd1+ 27. Kxd1 Rd8+ 28. Ke2 f6 29. Rc6 a5 30. Rc5 Rb8 31. b3 Kf7 32. Rc7+ Kg6
33. Ra7 h5 34. Rxa5 Kf5 35. a4 {(=)} b4 36. Rc5 Ke6 37. a5 Kd6 38. Rc4 Rb5 39.
a6 Ra5 40. Rxb4 Rxa6 41. Rh4 g6 42. g4 hxg4 43. Rxg4 g5 44. h4 {(=)} gxh4 45.
Rxh4 Kd5 46. Kd3 Ra1 47. c4+ Kc5 48. Rh8 Rd1+ 49. Kc3 Rc1+ 50. Kd3 f5 51. Rc8+
Kd6 52. b4 e4+ 53. Kd2 Rb1 54. b5 f4 55. c5+ Kd5 56. b6 Kd4 57. c6 Rb2+ 58. Kd1
Rb1+ 59. Kd2 Rb2+ 60. Kd1 f3 61. b7 f2 62. Rf8 e3 63. Kc1 Rb6 64. c7 e2 65.
Rd8+ Ke3 66. Re8+ Kf3 67. Rf8+ Kg2 68. Rg8+ Kf1 69. c8=Q e1=Q+ 70. Kc2 Qe4+ 71.
Kc3 Rc6+ 72. Kb3 Qc4+ 73. Ka3 Ra6+ 74. Kb2 Rb6+ 0-1

[Event "Vaujany Principal"]
[Site "?"]
[Date "2018.07.20"]
[Round "9.17"]
[White "Vignale, Stephane"]
[Black "Houard, Sebastien"]
[Result "0-1"]
[WhiteElo "2100"]
[BlackElo "2145"]
[PlyCount "96"]
[EventDate "2018.??.??"]

1. Nf3 d5 2. c4 c6 3. g3 Nf6 4. Bg2 Bf5 5. cxd5 cxd5 6. d3 Nc6 7. O-O Rc8 8. a3
h6 9. b4 e6 10. Bb2 Be7 11. Nbd2 O-O 12. Nb3 Qb6 13. Nbd4 Bh7 14. Nxc6 bxc6 15.
Bd4 c5 16. bxc5 Bxc5 17. Rb1 Qa5 18. Bxc5 Rxc5 19. Rc1 Rfc8 20. Rxc5 Rxc5 21.
Qb3 Rb5 22. Qc2 Qxa3 23. Qc8+ Qf8 24. Qa6 Qb8 25. Bh3 Rb6 26. Qa3 Rb3 27. Qe7
Rb7 28. Qa3 Bg6 29. Nd4 Qe5 30. e3 Qb8 31. Rc1 Rb1 32. Bf1 Rxc1 33. Qxc1 Kh7
34. Nc6 Qc7 35. d4 Nd7 36. Bb5 Nb8 37. Qc5 Nxc6 38. Bxc6 Qb8 39. Bb5 Be4 40.
Bf1 Qb1 41. Qb5 Qc1 42. Qe2 a5 43. f3 Bf5 44. g4 Bb1 45. Kf2 a4 46. Qb5 Qc2+
47. Ke1 a3 48. Be2 Qc3+ 0-1

[Event "Vaujany Principal"]
[Site "?"]
[Date "2018.07.20"]
[Round "9.18"]
[White "Degeorges, Mathis"]
[Black "Frantz, Nicolas"]
[Result "1/2-1/2"]
[WhiteElo "2139"]
[BlackElo "2080"]
[PlyCount "49"]
[EventDate "2018.??.??"]

1. e4 c5 2. Nf3 Nc6 3. Bb5 e6 4. Bxc6 bxc6 5. d3 Ne7 6. Bd2 Ng6 7. h4 h5 8. e5
Be7 9. Bc3 f6 10. Nbd2 Kf7 11. Ne4 Nxe5 12. Nxe5+ fxe5 13. Bxe5 d6 14. Bc3 e5
15. Qf3+ Kg8 16. Qg3 Qd7 17. f3 Qf5 18. O-O-O Rh6 19. Bd2 Rg6 20. Ng5 Bf6 21.
Rhf1 Ba6 22. Rg1 Bc8 23. Rgf1 Ba6 24. Rg1 Bc8 25. Rgf1 1/2-1/2

[Event "Vaujany Principal"]
[Site "?"]
[Date "2018.07.20"]
[Round "9.20"]
[White "Khacahtaryan, Samvel S"]
[Black "Berta, Sandor"]
[Result "1/2-1/2"]
[WhiteElo "2091"]
[BlackElo "2083"]
[PlyCount "97"]
[EventDate "2018.??.??"]

1. e4 c5 2. Nf3 Nf6 3. Nc3 Nc6 4. d4 d5 5. exd5 Nxd5 6. Nxd5 Qxd5 7. Be3 cxd4
8. Nxd4 a6 9. Be2 e5 10. Nxc6 Qxc6 11. O-O Be6 12. c4 Be7 13. Qb3 f5 14. Qb6
Qxb6 15. Bxb6 Bd8 16. Bc5 Be7 17. Bb6 Rc8 18. b3 Rc6 19. Ba5 Bf6 20. Rac1 Kf7
21. Rfd1 Rhc8 22. Bd2 g5 23. f3 Be7 24. Kf1 Kf6 25. g4 Bc5 26. h3 h5 27. Kg2
Bd4 28. Bc3 Be3 29. Rc2 b5 30. Bd2 Bd4 31. Rdc1 hxg4 32. hxg4 fxg4 33. fxg4
Bd5+ 34. Kg3 Be4 35. Rf1+ Kg6 36. Rcc1 bxc4 37. Bxc4 Bb2 38. Rce1 Bc2 39. Re2
e4 40. Bxg5 Kxg5 41. Rf5+ Kg6 42. Rxc2 Bd4 43. Rd2 Rd8 44. Rd5 Rxd5 45. Bxd5
Rc3+ 46. Kg2 Bc5 47. Bxe4+ Kg5 48. Bf5 Kf4 49. Re2 1/2-1/2

[Event "Vaujany Principal"]
[Site "?"]
[Date "2018.07.20"]
[Round "9.21"]
[White "Georgers, Thomas"]
[Black "Kaloczi, Kristof"]
[Result "1-0"]
[WhiteElo "2060"]
[BlackElo "2029"]
[PlyCount "157"]
[EventDate "2018.??.??"]

1. e4 g6 2. d4 Bg7 3. Nc3 a6 4. a4 b6 5. Nf3 Bb7 6. Bd3 d6 7. e5 e6 8. Bg5 Ne7
9. Ne4 Bxe4 10. Bxe4 d5 11. Bd3 c5 12. c3 Nbc6 13. O-O Qc7 14. Rc1 c4 15. Bb1
h6 16. Bf4 g5 17. Bg3 Nf5 18. Nd2 h5 19. f4 Ne3 20. Qe2 Nxf1 21. Rxf1 gxf4 22.
Rxf4 Bh6 23. Rf1 Bxd2 24. Qxd2 h4 25. Bf4 O-O-O 26. Bg5 Rd7 27. Bf6 Re8 28.
Bxh4 Ne7 29. Rxf7 Nf5 30. Rxf5 exf5 31. Bxf5 Kb7 32. Bxd7 Qxd7 33. Qf4 Qxa4 34.
Qf7+ Kb8 35. h3 Qc6 36. Be7 a5 37. Bd6+ Ka8 38. h4 b5 39. Bc5 Kb8 40. Qa7+ Kc8
41. Qxa5 Rg8 42. Bd6 Kb7 43. Qa1 Qd7 44. Qf1 Rg7 45. Qf8 Qg4 46. Qb8+ Ka6 47.
Qa8+ Ra7 48. Qd8 Rg7 49. Qa8+ Ra7 50. Qc6+ Ka5 51. Bc7+ Rxc7 52. Qxc7+ Ka6 53.
Qc6+ Ka7 54. Qxd5 Qxh4 55. Qf7+ Kb8 56. Qf2 Qe4 57. Kh2 Qh7+ 58. Kg3 Qg6+ 59.
Kh3 Qh7+ 60. Qh4 Qf5+ 61. Kh2 Ka7 62. Qe7+ Kb8 63. Qd6+ Ka7 64. Qf6 Qh7+ 65.
Kg3 Qd3+ 66. Qf3 Qg6+ 67. Kf4 Qh6+ 68. Ke4 Qg6+ 69. Kd5 Qg8+ 70. Kc5 Qb8 71.
Qf7+ Ka6 72. Kb4 Qc8 73. Qf6+ Ka7 74. Qd6 Qe8 75. e6 Qg6 76. Qd7+ Ka6 77. e7
Qb6 78. Qc8+ Ka7 79. e8=Q 1-0

[Event "Vaujany Principal"]
[Site "?"]
[Date "2018.07.20"]
[Round "9.22"]
[White "Fodor, Balazs"]
[Black "Chauvin, Denis"]
[Result "1-0"]
[WhiteElo "2147"]
[BlackElo "1879"]
[PlyCount "67"]
[EventDate "2018.??.??"]

1. d4 b6 2. c4 Bb7 3. Nf3 e6 4. a3 Nf6 5. Nc3 Be7 6. d5 exd5 7. cxd5 d6 8. g3
Nbd7 9. Bg2 O-O 10. O-O Ng4 11. Nd4 Bf6 12. f4 a5 13. Rb1 Nc5 14. b4 axb4 15.
axb4 Nd7 16. e4 Bxd4+ 17. Qxd4 Ba6 18. b5 Bb7 19. h3 Ngf6 20. e5 Ne8 21. Ne4 f5
22. Ng5 Nc5 23. e6 Nf6 24. g4 fxg4 25. hxg4 h6 26. Nf7 Qe7 27. g5 Ng4 28. f5
Ra4 29. Rb4 Rxb4 30. Qxb4 Ne5 31. f6 Qe8 32. Nxe5 gxf6 33. gxf6 Qh5 34. Qg4+
1-0

[Event "Vaujany Principal"]
[Site "?"]
[Date "2018.07.20"]
[Round "9.26"]
[White "Billotti, Romain"]
[Black "Birovecz, Ben Jordan"]
[Result "1-0"]
[WhiteElo "1853"]
[BlackElo "1925"]
[PlyCount "48"]
[EventDate "2018.??.??"]

1. d4 d5 2. c4 e6 3. e3 Nf6 4. Nf3 c5 5. Nc3 Nc6 6. Be2 dxc4 7. Bxc4 a6 8. a4
b6 9. O-O Bb7 10. b3 Be7 11. Bb2 O-O 12. Qe2 Na5 13. Rfd1 Qc7 14. h3 Nxc4 15.
bxc4 cxd4 16. Rxd4 Bc5 17. Rh4 Rfd8 18. Rd1 Rxd1+ 19. Nxd1 Rd8 20. Be5 Bxf3 21.
Bxc7 Rxd1+ 22. Qxd1 Bxd1 23. a5 bxa5 24. Bxa5 g5 1-0